000 00374 a2200169 4500
001 47154
020 _a9788573198140
040 _cAnchieta - Aquarius
100 _aGuéraud, Guillaume
240 1 0 _a=Medonhos, sujos e gentis
_lpor
245 1 0 _a=Medonhos, sujos e gentis
300 _a112
362 0 _a2012
440 1 _aDimensão
650 4 _aRomance
942 _cBK
999 _c47154
_d47154